| 000 | 00000cas 2200000zi 4500 |
| 001 | 9.938784 |
| 003 | CaOODSP |
| 005 | 20260319101526 |
| 006 | m o d f |
| 007 | cr cn |||||||| |
| 008 | 240529c20219999qucar p o f0 b0fre|d |
| 022 | |a2818-3800 |
| 040 | |aCaOODSP|bfre|erda|cCaOODSP |
| 043 | |an-cn--- |
| 086 | 1 |aP1-48F-PDF |
| 110 | 1 |aCanada. |bServices publics et approvisionnement Canada, |eauteur, |eorganisme de publication. |
| 222 | 0|aRapport sur la stratégie ministérielle de développement durable de ... de Services publics et approvisionnement Canada |
| 245 | 10|aRapport sur la stratégie ministérielle de développement durable de ... de Services publics et approvisionnement Canada. |
| 264 | 1|a[Gatineau, Québec] : |bServices publics et approvisionnement Canada, |c2021- |
| 310 | |aAnnuel |
| 336 | |atexte|btxt|2rdacontent/fre |
| 337 | |ainformatique|bc|2rdamedia/fre |
| 338 | |aressource en ligne|bcr|2rdacarrier/fre |
| 362 | 1 |aParaît depuis : 2020/2021. |
| 500 | |aPublié aussi en anglais sous le titre : Public Services and Procurement Canada's ... departmental sustainable development strategy report. |
| 588 | |aDescription d'après : 2020/2021. |
| 588 | |aDernière livraison consultée : 2021/2022. |
| 610 | 16|aCanada. |bServices publics et approvisionnement Canada|vPériodiques. |
| 650 | 6|aDéveloppement durable|xPolitique gouvernementale|zCanada|vPériodiques. |
| 650 | 6|aTravaux publics|xAspect de l'environnement|zCanada|vPériodiques. |
| 650 | 6|aApprovisionnement public|xAspect de l'environnement|zCanada|vPériodiques. |
| 655 | 7|aPériodiques|2rvmgf |
| 775 | 08|tPublic Services and Procurement Canada's ... departmental sustainable development strategy report.|w(CaOODSP)9.938782 |